000 00313nam a2200121Ia 4500
008 190216s9999||||xx |||||||||||||| ||und||
100 _aAmaranath.T
245 0 _aPartial Differential Equations :an Elementary Course
260 _bNarosa Pubs House
_c1997
300 _a135p
650 _aMathematics
942 _cBK
999 _c31494
_d31494